| 000 | 00908nam a22002177a 4500 | ||
|---|---|---|---|
| 003 | OSt | ||
| 005 | 20170608093044.0 | ||
| 008 | 150408b2014 slv spa | ||
| 040 | _cBMC | ||
| 082 | _a624 | ||
| 100 | 1 |
_935600 _aChávez Mezquita, Luis Joaquín |
|
| 245 | 1 | 0 |
_aPasantía en Grupo Roble, El Salvador _b: Informe final _cLuis Joaquín Chávez Mezquita |
| 260 |
_aSanta Ana (El Salvador) _bUniversidad Católica de El Salvador _c2008 |
||
| 300 |
_a93 h. _bplanos _c28 cm _e+ 1 disco compacto |
||
| 500 | _aPrecede al tít.: Universidad Católica de El Salvador, Facultad de Ingeniería y Arquitectura | ||
| 500 | _aPeríodo de realización: del 04 de febrero al 04 de agosto de 2014 | ||
| 502 | _aPara optar al título de Ingeniero civil | ||
| 650 | 2 | 4 |
_98218 _aIngeniería civil |
| 710 | 2 |
_91166 _aUniversidad Católica de El Salvador _bFacultad de Ingeniería y Arquitectura |
|
| 942 |
_2ddc _cTG |
||
| 999 |
_c21904 _d21904 |
||